| 000 | 01036nam a22002657a 4500 | ||
|---|---|---|---|
| 003 | DO-SdBNP | ||
| 005 | 20220310101758.0 | ||
| 007 | ta | ||
| 008 | 211111b2020 dr a|||| |||| 00| 0 spa d | ||
| 020 | _a9789945924602 | ||
| 040 |
_aDO-SdBNP _bspa _cBNPHU |
||
| 082 | 4 |
_a791.43097293 _bL865a _222 |
|
| 100 | 1 |
_980598 _aLora, Félix Manuel |
|
| 245 | 1 | 0 |
_aAntología de largometrajes dominicanos 1963-2019 / _cFélix Manuel Lora ; prólogo Yvette Marichal. |
| 260 |
_aSanto Domingo : _bDGCINE, _c2020. |
||
| 300 |
_a289 p. : _bil. ; _c26 cm. |
||
| 590 | _aInventarido, 2021/BT | ||
| 650 | 1 | 4 |
_aCinematografía _zRepública Dominicana _981254 _xHistoria _y1963-2019 |
| 650 | 1 | 4 |
_aCine _zRepública Dominicana _xHistoria _y1963-2019 _981285 |
| 650 | 1 | 4 |
_aLargometrajes _zRepública Dominicana _981255 _xHistoria _y1963-2019 |
| 650 | 1 | 4 |
_aPelículas cinematográficas _zRepública Dominicana _x1963-2019 _vColecciones _981283 |
| 700 | 1 |
_aMarichal, Yvette, _epról. _980599 |
|
| 910 | _aBtavárez/ Validado. Control de calidad. MAA | ||
| 942 |
_2ddc _cLBS1 |
||
| 999 |
_c50940 _d50940 |
||